01601cam a22002778a 45000010009000000050017000090080041000260100017000670200029000840400013001130430012001260500025001380820021001631000015001842450112001992600058003112630009003693000011003785040041003895050663004306500039010939060045011329420012011779990017011899520117012061709120720170105102848.0111220s2012 enk b 000 0 eng  a 2011052527 a9780415504362 (hardback) aDLCcDLC aa-em---00aKNW5046.8b.K46 201200a320.959870112231 aKent, Lia.14aThe dynamics of transitional justice :binternational models and local realities in East Timor /cLia Kent. aAbingdon, Oxon [UK] ;aNew York :bRoutledge,c2012. a1207 ap. cm. aIncludes bibliographical references.0 aThe global celebration of transitional justice and the East Timor reality -- Interrogating 'transition' and 'justice' -- Stability versus retributive justice : unpacking the UN's East Timor 'success story' -- The serious crimes process and the commission for reception, truth and reconciliation : justice possibilities and impossibilities -- National unity, collective struggle and the future: the East Timorese leadership's narratives of justice and nation-building -- Local narratives of (in)justice: recognition, retribution and economic assistance -- Local memory practices and the emerging politics of victims' rights -- Rethinking transitional justice. 0aTransitional justicezTimor-Leste. a7bcbccorignewd1eecipf20gy-gencatlg 2ddccBK c14149d14149 001040708NFICaCIPSbCIPScGENd2013-08-19l0o320.95987011 KEN 2013pCIPS0000365r2013-08-19w2013-08-19yBK